Effective report writing, for business, industry, and government (Record no. 428183)

000 -LEADER
fixed length control field 00459cam a22001457a 4500
008 - FIXED-LENGTH DATA ELEMENTS--GENERAL INFORMATION
fixed length control field 180718b1960 xxu||||| |||| 00| 0 eng d
082 ## - DEWEY DECIMAL CLASSIFICATION NUMBER
Classification number I5111 Si22
100 ## - MAIN ENTRY--PERSONAL NAME
Personal name Sigband, Norman B.
245 ## - TITLE STATEMENT
Title Effective report writing, for business, industry, and government
Statement of responsibility, etc. by Norman B. Sigband
260 ## - PUBLICATION, DISTRIBUTION, ETC.
Place of publication, distribution, etc. New York
Name of publisher, distributor, etc. Harper
Date of publication, distribution, etc. 1960
300 ## - PHYSICAL DESCRIPTION
Extent 688p
650 ## - SUBJECT ADDED ENTRY--TOPICAL TERM
Topical term or geographic name entry element Economics --Bibliography --Catalogs
650 ## - SUBJECT ADDED ENTRY--TOPICAL TERM
Topical term or geographic name entry element Commercial correspondence
650 ## - SUBJECT ADDED ENTRY--TOPICAL TERM
Topical term or geographic name entry element Report writing
Holdings
Withdrawn status Lost status Damaged status Not for loan Permanent Location Current Location Date acquired Full call number Barcode Date last seen Price effective from Koha item type
        Indian Institute of Public Administration Indian Institute of Public Administration 2009-12-07 I5111 Si22 22232 2018-07-21 2018-07-21 Book

Powered by Koha